000 00535nam a2200193Ia 4500
003 GCL
008 140319s9999 xx 000 0 eng d
040 _aGCL /
_cGCL
082 0 4 _a296.81
_bP R
100 1 _aPICARD, CHARLES
245 1 0 _aLES RELIGIONS PREHELLENIQUES (CRETE ET NYCENES) /
_cPICARD, CHARLES
260 _a[S.N] :
_bPRESSES UNIVERSITAIRES DE FRANCE ،
_c1948
300 _a332 P
650 0 4 _aRELIGION
650 0 4 _aRELIGION - CIVILIZATION
650 0 4 _aHELLENISM
650 0 4 _aHISTORY, ANCIENT
942 _2ddc
_cBK
999 _c12576
_d12576